000 00814nam a2200253 a 4500
001 245
003 BD-RjUL
005 20211208233136.0
008 150128s1989 ii a|||| |||| 001 0 eng d
020 _a9780553176988
035 _a(BD-RjUL)260
040 _aBD-RjUL
_beng
_cBD-RjUL
_dBD-RjUL
041 _aeng
082 _222
_a530.11
_b HAB 1989
100 _aHawking, Stephen W.
_9115505
245 _aA brief history of time : from the big bang to black holes /
_cStephen W. Hawking ; introduction by Carl Sagan ; illustrations by Ron Miller
260 _aLondon :
_bBantam Books,
_c1989.
300 _a211 p. :
_b ill. ;
_c18 cm.
504 _aIncludes bibliographical references and index.
650 _2Cosmology
700 _aSagan, Carl
_9115506
700 _aMiller, Ron
_9115507
942 _2ddc
_cBK
_02
999 _c245
_d245